<?xml version="1.0" encoding="UTF-8"?>
<record
    xmlns:xsi="http://www.w3.org/2001/XMLSchema-instance"
    xsi:schemaLocation="http://www.loc.gov/MARC21/slim http://www.loc.gov/standards/marcxml/schema/MARC21slim.xsd"
    xmlns="http://www.loc.gov/MARC21/slim">

  <leader>00699    a2200229   4500</leader>
  <controlfield tag="005">20160609163556.0</controlfield>
  <controlfield tag="008">100803t        xxu||||| |||| 00| 0 eng d</controlfield>
  <datafield tag="020" ind1=" " ind2=" ">
    <subfield code="a">2 13 051461 8</subfield>
  </datafield>
  <datafield tag="040" ind1=" " ind2=" ">
    <subfield code="a">BUAC</subfield>
  </datafield>
  <datafield tag="041" ind1=" " ind2=" ">
    <subfield code="a">Fr.</subfield>
  </datafield>
  <datafield tag="082" ind1=" " ind2=" ">
    <subfield code="a">140</subfield>
  </datafield>
  <datafield tag="100" ind1=" " ind2=" ">
    <subfield code="a">Sfez, G&#xE9;rald</subfield>
    <subfield code="9">7840</subfield>
  </datafield>
  <datafield tag="245" ind1=" " ind2=" ">
    <subfield code="a">L'enjeu Machiavel</subfield>
    <subfield code="c">sous la dir. G&#xE9;rald Sfez ; Michel Senellart</subfield>
  </datafield>
  <datafield tag="260" ind1=" " ind2=" ">
    <subfield code="a">Paris</subfield>
    <subfield code="b">Presses Universitaires de France</subfield>
    <subfield code="c">2001</subfield>
  </datafield>
  <datafield tag="300" ind1=" " ind2=" ">
    <subfield code="a">245p</subfield>
    <subfield code="c">22 cm.</subfield>
  </datafield>
  <datafield tag="440" ind1=" " ind2=" ">
    <subfield code="a">(Collection Librairie du Coll&#xE8;ge Internationl de Philosophie)</subfield>
    <subfield code="9">7841</subfield>
  </datafield>
  <datafield tag="630" ind1=" " ind2=" ">
    <subfield code="a"> PHILOSOPHIE </subfield>
    <subfield code="9">7842</subfield>
  </datafield>
  <datafield tag="650" ind1=" " ind2=" ">
    <subfield code="a">Philosophie : mach&#xE9;avelisme</subfield>
    <subfield code="9">7843</subfield>
  </datafield>
  <datafield tag="700" ind1=" " ind2=" ">
    <subfield code="a">Senellart, Michel</subfield>
    <subfield code="c">Collab.</subfield>
    <subfield code="9">7844</subfield>
  </datafield>
  <datafield tag="942" ind1=" " ind2=" ">
    <subfield code="c">LIVR</subfield>
  </datafield>
  <datafield tag="999" ind1=" " ind2=" ">
    <subfield code="c">43467</subfield>
    <subfield code="d">43467</subfield>
  </datafield>
  <datafield tag="952" ind1=" " ind2=" ">
    <subfield code="0">0</subfield>
    <subfield code="1">0</subfield>
    <subfield code="4">0</subfield>
    <subfield code="7">0</subfield>
    <subfield code="a">BUAC</subfield>
    <subfield code="b">BUAC</subfield>
    <subfield code="d">0000-00-00</subfield>
    <subfield code="e">AUF</subfield>
    <subfield code="l">0</subfield>
    <subfield code="o">140  ENJ</subfield>
    <subfield code="r">2010-07-16 00:00:00</subfield>
    <subfield code="t">1</subfield>
    <subfield code="w">2010-07-16</subfield>
    <subfield code="y">LIVR</subfield>
  </datafield>
  <datafield tag="952" ind1=" " ind2=" ">
    <subfield code="0">0</subfield>
    <subfield code="1">0</subfield>
    <subfield code="4">0</subfield>
    <subfield code="7">0</subfield>
    <subfield code="a">BUAC</subfield>
    <subfield code="b">BUAC</subfield>
    <subfield code="d">0000-00-00</subfield>
    <subfield code="e">AUF</subfield>
    <subfield code="l">0</subfield>
    <subfield code="o">140  ENJ</subfield>
    <subfield code="r">2010-07-16 00:00:00</subfield>
    <subfield code="t">2</subfield>
    <subfield code="w">2010-07-16</subfield>
    <subfield code="y">LIVR</subfield>
  </datafield>
  <datafield tag="952" ind1=" " ind2=" ">
    <subfield code="0">0</subfield>
    <subfield code="1">0</subfield>
    <subfield code="4">0</subfield>
    <subfield code="7">0</subfield>
    <subfield code="a">BUAC</subfield>
    <subfield code="b">BUAC</subfield>
    <subfield code="d">0000-00-00</subfield>
    <subfield code="e">AUF</subfield>
    <subfield code="l">0</subfield>
    <subfield code="o">140 ENJ</subfield>
    <subfield code="r">2010-07-16 00:00:00</subfield>
    <subfield code="t">3</subfield>
    <subfield code="w">2010-07-16</subfield>
    <subfield code="y">LIVR</subfield>
  </datafield>
</record>
